| 000 | 00988nam a2200313 i 4500 | ||
|---|---|---|---|
| 003 | EG-GICUC | ||
| 005 | 20260430115018.0 | ||
| 008 | 260430s1930 fr ||||f |||| 00| 0bfre d | ||
| 040 |
_aEG-GiCUC _bfre _cEG-GiCUC _dEG-GiCUC _eRda |
||
| 041 | _afre | ||
| 082 | 0 | 4 |
_221 _a343.6 _bLA . P |
| 092 | 0 | 4 | _221 |
| 099 | _aLaw1 10 343.6 LA . P 1930 1010870 C1 | ||
| 100 | 1 |
_alavastine, Laignel _eAuteur |
|
| 245 |
_aPrécis De Criminologie / _cPar Laignel-lavastine, V. V. Stanciu. |
||
| 264 | 1 |
_aParis : _bBoulevard Saint-germath, _c1930. |
|
| 300 |
_a278 page ; _c24 cm. |
||
| 336 |
_2rda contenu _a texte |
||
| 337 |
_2rda medias _aOrdinateur |
||
| 338 |
_2 transporteur rda _a Ressource en ligne |
||
| 504 | _aBibliographie Pages : 273-278. | ||
| 546 | _aTexte en français | ||
| 650 | 1 | 4 | _aDroit Pénal |
| 650 | 1 | 4 | _aCriminologie |
| 700 | 1 |
_aStanciu, V. V. _eAuteur |
|
| 856 | 4 | 0 | _uhttps://fll.law.cu.edu.eg/fulltext/bks/B10-10870.pdf |
| 905 | _a164 | ||
| 942 |
_2ddc _n0 _cBK _e21 |
||
| 999 |
_c74455 _d74455 |
||